[Event "Ankara Baskent Univ op 2nd"]
[Site "Ankara"]
[Date "2017.??.??"]
[Round "6"]
[White "Yazici, Ugur Doga"]
[Black "Gozubuyukoglu, Selami"]
[Result "1-0"]
[WhiteElo "2144"]
[BlackElo "1830"]
[PlyCount "121"]
[EventDate "2017.06.30"]
[EventType "swiss"]
[EventRounds "9"]
[EventCountry "TUR"]
[SourceTitle "CBM 179 Extra"]
[Source "ChessBase"]
[SourceDate "2017.08.23"]
[SourceVersion "1"]
[SourceVersionDate "2017.08.23"]
[SourceQuality "1"]

1. e4 c5 2. Nf3 d6 3. d4 cxd4 4. Nxd4 Nf6 5. Nc3 a6 6. Bg5 Nbd7 7. f4 Qc7 8. Qf3 h6 9. Bxf6 Nxf6 10. f5 e5 11. fxe6 fxe6 12. Qg3 e5 13. Qg6+ Qf7 14. Qxf7+ Kxf7 15. Bc4+ Ke7 16. Nf5+ Kd7 17. Rd1 b5 18. Bd5 Rb8 19. 0-0 Kc7 20. Nh4 Bg4 21. Rde1 Bh5 22. a3 Rd8 23. Nf5 Bg6 24. Re3 Bxf5 25. Rxf5 Be7 26. Rg3 Rh7 27. Kf1 Kd7 28. Bb7 b4 29. Nd5 Rb8 30. Nxf6+ Bxf6 31. Bxa6 bxa3 32. bxa3 Rb2 33. Rc3 Rh8 34. a4 Rhb8 35. Bb5+ Ke7 36. h4 Rb7 37. g3 Rb4 38. Re3 Rc7 39. c4 Rb1+ 40. Kg2 Ra1 41. Rf2 Kf8 42. Rd3 Ke7 43. Rfd2 Re1 44. Kf3 Rf1+ 45. Ke2 Rg1 46. Kf2 Rh1 47. Rxd6 Kf7 48. Rd7+ Rxd7 49. Rxd7+ Ke6 50. a5 Ra1 51. Rd5 Be7 52. a6 Bb4 53. c5 Ba5 54. c6 Bb6+ 55. Kf3 Ra5 56. Bc4 Rxd5 57. exd5+ Kd6 58. Ke4 g5 59. h5 Bc5 60. Kf5 Be3 61. g4 1-0

[Event "Ankara Baskent Univ op 2nd"]
[Site "Ankara"]
[Date "2017.??.??"]
[Round "8"]
[White "Yazici, Ugur Doga"]
[Black "Pektas, Yigit"]
[Result "1-0"]
[WhiteElo "2144"]
[BlackElo "1934"]
[PlyCount "91"]
[EventDate "2017.06.30"]
[EventType "swiss"]
[EventRounds "9"]
[EventCountry "TUR"]
[SourceTitle "CBM 179 Extra"]
[Source "ChessBase"]
[SourceDate "2017.08.23"]
[SourceVersion "1"]
[SourceVersionDate "2017.08.23"]
[SourceQuality "1"]

1. e4 e5 2. Nf3 d6 3. d4 exd4 4. Nxd4 Nf6 5. Nc3 Be7 6. Be2 0-0 7. 0-0 Re8 8. f4 Bf8 9. Bf3 c5 10. Nde2 Nc6 11. h3 Bd7 12. g4 b5 13. Ng3 Nd4 14. Bg2 b4 15. Nce2 Bb5 16. Nxd4 Bxf1 17. Nc6 Qb6 18. Qxf1 Qxc6 19. e5 d5 20. exf6 Qxf6 21. Qf2 Rad8 22. Nh5 Qa6 23. Bf1 Qc6 24. Bd2 c4 25. Qf3 Qc5+ 26. Kh1 d4 27. b3 d3 28. cxd3 c3 29. Be1 Qb6 30. Rc1 Bc5 31. Bh4 Re3 32. Qg2 Rde8 33. Rc2 Bd4 34. Ng3 Re1 35. Nf5 Rb1 36. Re2 Rb8 37. Kh2 g6 38. Ne7+ Kg7 39. f5 c2 40. Rxc2 Qd6+ 41. Kh1 Qf4 42. Bf2 Re8 43. Nd5 Rxf1+ 44. Qxf1 Qf3+ 45. Qg2 Qd1+ 46. Kh2 1-0

[Event "Belgrade Trophy 30th"]
[Site "Belgrade"]
[Date "2016.11.28"]
[Round "5"]
[White "Jandric, Damjan"]
[Black "Yazici, Ugur Doga"]
[Result "1/2-1/2"]
[WhiteElo "2160"]
[BlackElo "1972"]
[PlyCount "44"]
[EventDate "2016.11.24"]
[EventType "swiss"]
[EventRounds "9"]
[EventCountry "SRB"]
[SourceTitle "CBM 175 Extra"]
[Source "ChessBase"]
[SourceDate "2016.12.12"]
[SourceVersion "1"]
[SourceVersionDate "2016.12.12"]
[SourceQuality "1"]

1. e4 e5 2. Bc4 Nf6 3. d3 Nc6 4. Nf3 Be7 5. 0-0 0-0 6. Re1 d6 7. c3 Na5 8. Bb5 a6 9. Ba4 b5 10. Bc2 c5 11. Nbd2 Nc6 12. Nf1 Qc7 13. Ng3 Be6 14. h3 Rad8 15. Bg5 Bc8 16. Qe2 h6 17. Be3 Rfe8 18. a4 b4 19. Bd2 d5 20. Nf1 bxc3 21. bxc3 d4 22. cxd4 Nxd4 1/2-1/2

[Event "TUR-chT2"]
[Site "Konya"]
[Date "2016.07.19"]
[Round "5.8"]
[White "Yazici, Ugur Doga"]
[Black "Kesgin, Halit Kaan"]
[Result "0-1"]
[WhiteElo "1994"]
[BlackElo "2027"]
[PlyCount "27"]
[EventDate "2016.07.17"]
[EventType "team-swiss"]
[EventRounds "9"]
[EventCountry "TUR"]
[SourceTitle "CBM 173 Extra"]
[Source "ChessBase"]
[SourceDate "2016.08.29"]
[SourceVersion "1"]
[SourceVersionDate "2016.08.29"]
[SourceQuality "1"]
[WhiteTeam "Ankara Ego"]
[BlackTeam "Izmir Karsiyaka"]
[WhiteTeamCountry "TUR"]
[BlackTeamCountry "TUR"]

1. e4 e6 2. d4 d5 3. Nc3 Bb4 4. exd5 exd5 5. Bd3 c6 6. Nge2 Nf6 7. 0-0 0-0 8. Ng3 Re8 9. h3 Nbd7 10. Qf3 Nf8 11. Bg5 Be7 12. Nce2 Ne4 13. Bxe7 Qxe7 14. Qe3 0-1